| 000 | 00549nam a22001817a 4500 | ||
|---|---|---|---|
| 999 |
_c10193 _d10193 |
||
| 003 | AR-CdUCM | ||
| 008 | 190329b ||||| |||| 00| 0 spa d | ||
| 040 |
_aMUNICIPALIDAD PROVINCIAL DEL CUSCO _cBIBLIOTECA MUNICIPAL DEL CUSCO |
||
| 082 |
_aES / 800 / _bC23 |
||
| 110 |
_aColección clásicos cadete _926902 |
||
| 245 | _aEl cantar de Roldán / | ||
| 260 |
_aBarcelona : _bMateu, |
||
| 300 |
_a253 páginas ; _c19.5 cm. |
||
| 440 |
_aColección clásicos cadete _926852 |
||
| 650 |
_aObras literarias. _9403 |
||
| 942 |
_2ddc _cLIBROS |
||
| 945 | _awfj | ||